Um dia o pincel (Registo nº 23204)

Detalhes MARC
000 -Etiqueta do registo
campo de controlo de comprimento fixo 006090000a22002170004500
001 - Identificador do registo
Campo de controlo 23204
010 ## - ISBN
Número (ISBN) 972-770-393-3
100 ## - Dados Gerais de Proc.
Dados gerais de processamento 20060117d2005 a y0pory5003 ba
101 0# - Língua da publicação
Língua do texto, banda sonora, etc. Português
102 ## - País de Publicação
País de publicação Portugal
200 1# - Título
Título próprio Um dia o pincel
Primeira menção de responsabilidade Guida Pina
Outras menções de responsabilidade il. Cláudia Alves
210 ## - Publicação, Distribuição
Lugar da edição, distribuição, etc. Lisboa
Nome do editor, distribuidor, etc. Plátano
Data da publicação, distribuição, etc. 2005
215 ## - Descrição física
Descrição física [28] p.
Outras indicações físicas il
225 2# - Colecção
Título próprio da colecção Galaró
Indicação de volume 7
675 ## - CDU
Notação 087.5
Edição BN
Língua da edição Português
675 ## - CDU
Notação 821.134.3-1"20"
Edição BN
Língua da edição Português
700 #1 - Responsabilidade principal
Palavra de ordem Pina
Outra parte do nome Guida
702 #1 - Responsabilidade secundária
Koha Internal Code 6884
Código de função Ilustrador
Palavra de ordem Alves
Outra parte do nome Cláudia
090 ## - Números de controlo do sistema (Koha)
Número biblioitem do Koha (gerado automaticamente) 23204
942 ## - Elementos de entrada adicionados (Koha)
Tipo de item no Koha Monografias
Suprimido Disponível no OPAC
999 ## - Campo local
Campo local 23204
-- Bibliobase - BMTAV
-- 2019-01-21
Exemplares
Perdido (estado) Data de aquisição Origem do registo (biblioteca) (codificado) Código da organização que empresta ou é detentora (biblioteca) Localização da prateleira Código de barras Número de inventário Cota Tipo de circulação (não pode ser emprestado) Tipo de item e material
Disponível 2006-01-17 Biblioteca Municipal Álvaro de Campos Biblioteca Municipal Álvaro de Campos Plano Nacional de Leitura – Pré-escolar BMTAV40221 40221 MJ6 PIN Normal Monografias